Geography Quiz

Random Geography or City Quiz

20 City Snapshot II Quiz Stats

 Plays Quiz Updated Jun 10, 2018

Also try: 20 City Snapshot
Challenge
Share
Tweet
Score 0/20 Timer 04:00
40 Plays Today
% Correct
7. Rome
94.6%
2. Cairo
90.4%
1. Istanbul
88.3%
3. Ankara
80.5%
15. Damascus
65.6%
17. Sofia
64.6%
20. Naples
61.4%
4. Alexandria
57.5%
13. Beirut
53.5%
10. Bucharest
53.2%
% Correct
11. Amman
52.7%
8. Aleppo
31.6%
6. Izmir
22.6%
5. Giza
15.1%
18. Antalya
11.5%
9. Bursa
10.1%
12. Adana
7.5%
16. Konya
5.5%
14. Gaziantep
5.4%
19. Shubra El Kheima
0.9%

You're not logged in!

Compare scores with friends on all Sporcle quizzes.
OR
Log In

You Might Also Like...

Show Comments

Extras

Top Quizzes Today


Score Distribution

Your Account Isn't Verified!

In order to create a playlist on Sporcle, you need to verify the email address you used during registration. Go to your Sporcle Settings to finish the process.

Report this User

Report this user for behavior that violates our Community Guidelines.

Details: